• 首页
  • 本馆介绍
  • 公告通知
  • 最新文献
  • 馆藏检索
  • 电子资源
  • 读者导购
  • 参考咨询
  • 我的图书馆
  • 登录
  • 详细信息显示
  • 放入我的书架
  • 预约/预借图书
  • 作者相关作品
  • 分类相关作品
  • 丛书相关作品
  • 出版社相关作品

书目信息

  • 表格格式
  • 工作单格式
  • 卡片格式
题名:
我见文学多妩媚
    
 
作者: 王充闾 著
分册:  
出版信息: 沈阳   万卷出版公司  2016
页数: 469页
开本: 24cm
丛书名:
单 册:
中图分类: I267 , K825.6=76
科图分类:
主题词: 叙事散文--xu shi san wen--中国--当代
电子资源:
ISBN: 978-7-5470-4141-3
000 00886nam0 22002651 450
001 1731256338
005 20170602161232.0
010    @a978-7-5470-4141-3@dCNY48.00
100    @a20160621d2016 em y0chiy50 ea
101 0  @achi
102    @aCN@b210000
105    @aa z 000ca
106    @ar
200 1  @a我见文学多妩媚@Awo jian wen xue duo wu mei@f王充闾著
210    @a沈阳@c万卷出版公司@d2016
215    @a469页@c照片@d24cm
300    @a充闾文集1
330    @a本书分为两部分,第一部分为"青灯有味忆儿时",为叙事散文,主要叙述作者儿时的经历;第二部分为"文学自传",主要记述了作者对自身文学道路的回忆。
600  0 @a王充闾@Awang chong lu@f(1935- )@x自传
606 0  @a叙事散文@Axu shi san wen@y中国@z当代
690    @aI267@v5
690    @aK825.6=76@v5
701  0 @a王充闾@Awang chong lu@f(1935~)@4著
801  0 @aCN@bTANG WEI@c20170527
905    @b0971053-7@dI267@e2372@f5
    
    我见文学多妩媚/王充闾著.-沈阳:万卷出版公司,2016
    469页:照片;24cm
    充闾文集1
    
    ISBN 978-7-5470-4141-3:CNY48.00
    本书分为两部分,第一部分为"青灯有味忆儿时",为叙事散文,主要叙述作者儿时的经历;第二部分为"文学自传",主要记述了作者对自身文学道路的回忆。
●
相关链接 在E读中查询图书 在五车中查询图书 在当当中查询图书 在豆瓣中查询图书


正题名:我见文学多妩媚     索取号:I267/2372         预约/预借

序号 登录号 条形码 馆藏地/架位号 状态 备注
1 0971053   209710534   第一样本阅览室/ [索取号:I267/2372] 在馆    
2 0971054   209710543   第二借阅区/ [索取号:I267/2372] 在馆    
3 0971055   209710552   第二借阅区/ [索取号:I267/2372] 在馆    
4 0971056   209710561   第二借阅区/ [索取号:I267/2372] 在馆    
5 0971057   209710570   第二借阅区/ [索取号:I267/2372] 在馆    
唐山师范学院图书馆 欢迎您!
大连网信软件有限公司© 版权所有